书目信息 |
| 题名: |
校勘学
|
|
| 作者: | 钱玄 著 | |
| 分册: | ||
| 出版信息: | 南京 江苏古籍出版社 1988.5 |
|
| 页数: | 175页 | |
| 开本: | 20厘米 | |
| 丛书名: | ||
| 单 册: | ||
| 中图分类: | G256.3 | |
| 科图分类: | ||
| 主题词: | ||
| 电子资源: | ||
| ISBN: | 7-80519-088-7 | |
| 000 | 00658nam0 2200241 45 | |
| 001 | 0189024219 | |
| 005 | 20040424152021.2 | |
| 010 | @a7-80519-088-7@dCNY2.35 | |
| 020 | @aCN@b89024219 | |
| 100 | @a19910905d1988 m y0chiy0120 ea | |
| 101 | 0 | @achi |
| 102 | @aCN@b320000 | |
| 105 | @ay j 000yy | |
| 106 | @ar | |
| 200 | 10 | @a校勘学@Axiao kan xue@f钱 玄著@Fqian xuan zhu |
| 210 | @a南京@c江苏古籍出版社@d1988.5 | |
| 215 | @a175页@d20厘米 | |
| 300 | @a南京师范大学古文献整理研究所专刊之四 | |
| 540 | 1 | @a校勘学@Axiao kan xue |
| 690 | @aG256.3@v1980 | |
| 701 | 0 | @a钱玄@Aqian xuan@4著 |
| 801 | 0 | @aCN@bNLC@c19910905 |
| 905 | @f1@b258598@dG256.3@e39 | |
| 校勘学/钱 玄著.-南京:江苏古籍出版社,1988.5 |
| 175页;20厘米 |
| 南京师范大学古文献整理研究所专刊之四 |
| ISBN 7-80519-088-7:CNY2.35 |
| ● |
| 相关链接 |
|
|
|
|
正题名:校勘学
索取号:G256.3/39
 
预约/预借
| 序号 | 登录号 | 条形码 | 馆藏地/架位号 | 状态 | 备注 |
| 1 | 0258597 | 000214048 | 第一样本阅览室/ [索取号:G256.3/39] | 在馆 | |
| 2 | 0258598 | 000214002 | 密集书库/ [索取号:G256.3/39] | 在馆 |